Album rap français #1 - Statistiques

Statistiques générales
  • Ce quiz a été pris 200 fois
  • Le résultat moyen est 14 sur 16
Statistiques - réponses
Par images Réponse % Correct
PNL
98%
Ninho
97%
SCH
97%
Damso
96%
PLK
96%
Kaaris
95%
Booba
94%
Gazo
94%
Nekfeu
89%
Rohff
88%
Freeze Corleone
86%
Ziak
84%
Vald
82%
Alpha Wann
76%
Josas
54%
Gueule d'Ange
41%
Aucun quiz correspondant
Distribution des résultats
% des personnes avec chaque résultat
Percentile par nombre de réponses
Votre historique - résultats
Vous n’avez pas pris ce quiz